LEADER 00789cam0-2200289---450- 001 990004654410403321 005 20160517144654.0 035 $a000465441 035 $aFED01000465441 035 $a(Aleph)000465441FED01 035 $a000465441 100 $a19990604d1992----km-y0itay50------ba 101 0 $aspa 102 $aES 105 $a--------001yy 200 1 $aAntonio Machado, Baeza 1912/1989$fedición de Juan Paredes Nuñez 210 $aGranada$cUniversidad de Granada$d1992 215 $a322 p.$d21 cm 610 0 $aMachado, Antonio 676 $a861.6$v22$zita 702 1$aParedes Nuñez,$bJuan 801 0$aIT$bUNINA$gRICA$2UNIMARC 901 $aBK 912 $a990004654410403321 952 $a861.6 MACH/S 16$bDip.f.m.5978$fFLFBC 959 $aFLFBC 997 $aUNINA LEADER 01519nas 2200517-- 450 001 9910146946303321 005 20260218111532.0 035 $a(CKB)954925495012 035 $a(CONSER)---80646315- 035 $a(DE-599)ZDB2491223-2 035 $a(DE-599)2491223-2 035 $a(EXLCZ)99954925495012 100 $a20760721a19729999 --- a 101 0 $aeng 181 $ctxt$2rdacontent 182 $cc$2rdamedia 183 $acr$2rdacarrier 200 00$aBangladesh journal of botany 210 $a[Dacca]$cBangladesh Botanical Society 215 $a1 online resource 300 $aRefereed/Peer-reviewed 311 08$aPrint version: Bangladesh journal of botany. (DLC) 80646315 (OCoLC)2324570 0253-5416 531 $aBANGLADESH J BOT 531 $aBANGLADESH J BOTANY 531 $aBANGL J BOT 531 $aBANGLADESH J. BOT 531 0 $aBangladesh j. bot. 606 $aBotany$zBangladesh$vPeriodicals 606 $aBotany$vPeriodicals 606 $aBotanique$zBangladesh$vPériodiques 606 $aBotanique$vPériodiques 606 $aBotany$2fast$3(OCoLC)fst00836869 607 $aBangladesh$2fast 608 $aPeriodicals.$2fast 615 0$aBotany 615 0$aBotany 615 6$aBotanique 615 6$aBotanique 615 7$aBotany. 676 $a580/.5 712 02$aBangladesh Botanical Society. 906 $aJOURNAL 912 $a9910146946303321 920 $aexl_impl conversion 996 $aBangladesh journal of botany$91993369 997 $aUNINA